Statistics for F*R*I*E*N*D*S Trivia

Click here to take the quiz!

General Stats

  • This quiz has been taken 3,543 times
    (3,539 since last reset)
  • The average score is 14 of 15

Answer Stats

Hint Answer % Correct
Who marries Monica?Chandler
99%
Who has a twin?Phoebe
99%
"We were on a break!"Ross
99%
Who has the last line of the show?Chandler
99%
Who are brother and sister?Ross and Monica
99%
"How you doin'?"Joey
99%
"Smelly cat, smelly cat, what are they feeding you?"Phoebe
99%
How many seasons did this show run?10
97%
What is the usual hangout spot of the group?Central Perk
97%
What is Ross' son's name?Ben
97%
"Maybe I don't want to be a shoe! Maybe I want to be a hat! It's a metaphor, Daddy!"Rachel
94%
What industry is Rachel involved in?fashion
93%
What was the name of Carol's "friend"?Susan
89%
What is the twin's name?Ursula
88%
Where does this show take place?New York City
50%

Score Distribution

Percentile by Number Answered

Percent of People with Each Score

Your Score History

You have not taken this quiz since the last reset